| 000 | 00000nam##2200000za#4500 |
| 001 | 9.647986 |
| 003 | CaOODSP |
| 005 | 20200330140249 |
| 007 | ta |
| 008 | 150407|2001||||xxc||||| f|0| 0 eng|d |
| 020 | |a0-662-29768-7 |
| 040 | |aCaOODSP|beng |
| 043 | |an-cn--- |
| 086 | 1 |aRH4-4/2001E |
| 110 | 1 |aCanada.|bHuman Resources Development Canada.|bLabour Program. |
| 245 | 10|aWork and family provisions in Canadian collective agreements / |cEdited by Charles Philippe Rochon. |
| 260 | |aOttawa - Ontario : |bHuman Resources Development Canada. |c2001. |
| 300 | |axix, 172p. : |bgraphs, references ; |c28 cm. |
| 500 | |a"This reference document will serve to inform a wider audience of the current issues and implications surrounding family-friendly policies and practices in Canada."--Summary. |
| 520 | 3 |aThis reference document will serve to inform a wider audience of the current issues and implications surrounding family-friendly policies and practices in Canada.--Summary |
| 563 | |aSpiral binding |
| 590 | |a02-09|b2002-03-01 |
| 690 | 07|aCollective agreements|2gcpds |
| 690 | 07|aFamily|2gcpds |
| 690 | 07|aLabour|2gcpds |
| 720 | 1 |aRochon, Charles Philippe |
| 775 | 08|tLes dispositions favorisant la conciliation travail-famille dans les conventions collectives au Canada / |w(CaOODSP)9.681371 |
| 776 | 0#|tWork and family provisions in Canadian collective agreements / |w(CaOODSP)9.698306 |
| 986 | |aLT-087-01-01E |